Medzinárodné ekonomické organizácie krajín RVHP a rozvoj priemyselnej výroby

Podmienky vzniku medzinárodných ekonomických organizácií socialistických štátov. Význam daných organizácií pre rozvoj priemyselnej výroby v členských štátoch RVHP. Úlohy vyplývajúce z Komplexného programu. Perspektívy vývoja.

Salvato in:
Dettagli Bibliografici
Autore principale: Lipková, Ľudmila
Natura: Capitolo di libro
Lingua:slovacco
Soggetti:
Tags: Aggiungi Tag
Nessun Tag, puoi essere il primo ad aggiungerne!!

MARC

LEADER 00000naa a2200000 4500
001 0278883
005 20240502074329.6
041 0 |a slo 
044 |a SK 
245 1 0 |a Medzinárodné ekonomické organizácie krajín RVHP a rozvoj priemyselnej výroby  |c Ľudmila Lipková 
520 |a Podmienky vzniku medzinárodných ekonomických organizácií socialistických štátov. Význam daných organizácií pre rozvoj priemyselnej výroby v členských štátoch RVHP. Úlohy vyplývajúce z Komplexného programu. Perspektívy vývoja. 
610 2 0 |a organizácie medzinárodné 
610 2 0 |a organizácie hospodárske 
610 2 0 |a výroba priemyselná 
610 2 0 |a socializmus 
610 2 0 |a pomoc hospodárska 
100 1 |a Lipková, Ľudmila